Kupujeme ich skôr príležitostne

Slováci sa v poslednom období intenzívnejšie zaujímajú o biopotraviny. Tento trend prevláda u oboch pohlaví a predovšetkým u vysokoškolsky vzdelaných ľudí. To najdôležitejšie o prieskume.

Guardado en:
Detalles Bibliográficos
Autor principal: Barlogová, Lucia
Formato: Capítulo de libro
Lenguaje:eslovaco
Materias:
Etiquetas: Agregar Etiqueta
Sin Etiquetas, Sea el primero en etiquetar este registro!

MARC

LEADER 00000naa$a2200000$$$4500
001 0111781
005 20231128094559.0
041 0 |a slo 
044 |a SK 
245 1 0 |a Kupujeme ich skôr príležitostne  |c Lucia Barlogová 
520 |a Slováci sa v poslednom období intenzívnejšie zaujímajú o biopotraviny. Tento trend prevláda u oboch pohlaví a predovšetkým u vysokoškolsky vzdelaných ľudí. To najdôležitejšie o prieskume. 
610 2 0 |a bioprodukty 
610 2 0 |a ceny 
610 2 0 |a spotreba potravín 
610 2 0 |a Slovensko 
100 1 |a Barlogová, Lucia